Mayo: mes de protestas populares

Na minha lista:
Detalhes bibliográficos
Formato: Livro
Idioma:Spanish
Tags: Adicionar Tag
Sem tags, seja o primeiro a adicionar uma tag!

MARC

LEADER 00000nam a22000007a 4500
003 cru CIDCACS/IIS
005 20181102160031.0
007 ta
008 181102s1991 ho |||p|r||||||0| ||spa|d
999 |c 41884  |d 41884 
040 |c cru CIDCACS/IIS 
245 |a Mayo:  |b mes de protestas populares 
300 |a página 3-4:  |b fotos, ilustraciones 
942 |2 ddc  |c PP 
773 0 |0 41867  |9 2387  |a Comité para la Defensa de los Derechos Humanos (Honduras)  |d Tegucigalpa; Honduras:  |o 18117  |t CODEH: